000 00337nam a22001457a 4500
005 20160618110447.0
008 160618b xxu||||| |||| 00| 0 eng d
041 _aeng
082 _b8091
245 _aThe Employee state instunce act-1948
260 _bCommercial Law
_c2010
300 _a182
650 _aManagement
_9241
942 _cBK
999 _c3057
_d3056